| Tag |
First Indicator |
Second Indicator |
Subfields |
| LEADER |
00000cam a2200000 4500 |
| 001 |
in00000034488 |
| 005 |
20151007060733.0 |
| 008 |
760826m19599999nyua 10000 eng |
| 010 |
|
|
|a 59014823
|
| 035 |
|
|
|a (OCoLC)02398482
|
| 035 |
|
|
|9 AAD0015AM
|
| 040 |
|
|
|a DLC
|c WSU
|d TXA
|d UtOrBLW
|
| 049 |
|
|
|a TXAM
|c [316479]
|
| 050 |
|
0 |
|a T11
|b .C65 1959a
|
| 082 |
0 |
|
|a 808.066
|
| 092 |
|
|
|a 808.066
|b C748w
|
| 111 |
2 |
|
|a Conference on Writing and Publication in Industry
|d (1959 :
|c Polytechnic Institute of Brooklyn)
|
| 245 |
1 |
0 |
|a Writing in industry ;
|b selected papers from the proceedings of the Conference on Writing and Publication in Industry /
|c Edited by Siegfried Mandel.
|
| 264 |
|
2 |
|a Brooklyn :
|b Polytechnic Press of the Polytechnic Institute of Brooklyn; distributed by Plenum Press, New York,
|c [1959-]
|
| 300 |
|
|
|a volumes :
|b illustrations ;
|c 23 cm.
|
| 336 |
|
|
|a text
|b txt
|2 rdacontent
|
| 337 |
|
|
|a unmediated
|b n
|2 rdamedia
|
| 338 |
|
|
|a volume
|b nc
|2 rdacarrier
|
| 650 |
|
0 |
|a Technical writing.
|
| 700 |
1 |
|
|a Mandel, Siegfried.
|
| 999 |
|
|
|a MARS
|
| 999 |
f |
f |
|s a8eb8a65-a4f9-3a84-bc3d-40405e595b30
|i c669cc66-5a10-30dc-8e98-8b6a5c853161
|t 0
|
| 952 |
f |
f |
|p ric
|a Texas A&M University
|b Rellis Campus
|c Joint Library Facility
|d Remote Storage
|t 0
|e T11 .C65 1959a
|h Library of Congress classification
|i unmediated -- volume
|m A14801195708
|
| 998 |
f |
f |
|a T11 .C65 1959a
|t 0
|l Remote Storage
|